| 000 | 00000nam##2200000za#4500 |
| 001 | 9.640780 |
| 003 | CaOODSP |
| 005 | 20210624222834 |
| 007 | cr ||||||||||| |
| 008 | 150407|1996||||xxc|||||o f|0| 0 fre|d |
| 040 | |aCaOODSP|bfre |
| 043 | |an-cn--- |
| 086 | 1 |aH68-23/1996F-PDF |
| 110 | 1 |aCanada.|bConseil national du bien-être social. |
| 245 | 10|aGuide des pensions |h[ressource électronique] |
| 260 | |aOttawa - Ontario : |bConseil national du bien-être social |cÉté 1996. |
| 300 | |a65p.|bgraphiques, références, tableaux |
| 500 | |aSommaire: Introduction.--Le premier palier: les programmes de sécurité de revenu.--Le deuxième palier: le Régime de pensions du Canada et le Régime de Rentes du Québec.--Le troisième palier: les régimes de retraite professionnels.--Troisième palier (suite): les régimes enregistrés d'épargne-retraite.--Conclusion.--Annexe A: Le système de revenus de retraite.--Annexe B: Allégements fiscaux pour let aînés.--Renvois. |
| 500 | |aLe n° de catalogue (H68-23/1996F) et l'ISBN (0-662-81308-1) de l'édition imprimée ont été incorrectement copiés dans la publication électronique. |
| 590 | |a12-39-Supp|b2012-10-11 |
| 691 | 07|aPension|2gcpds |
| 775 | 08|tA pension primer |w(CaOODSP)9.696672 |
| 776 | 0#|tA pension primer : |w(CaOODSP)9.646257 |
| 856 | 40|ahttp://publications.gc.ca|qPDF|s16.06 Mo|uhttps://publications.gc.ca/collections/collection_2012/cnb-ncw/H68-23-1996-fra.pdf |